History of technology : First annual volume, 1976
Sparad:
| Huvudupphovsman: | |
|---|---|
| Materialtyp: | Bok |
| Språk: | Undetermined |
| Publicerad: |
London
Mansell
1976
|
| Ämnen: | |
| Taggar: |
Lägg till en tagg
Inga taggar, Lägg till första taggen!
|
| Thư viện lưu trữ: | Trung tâm Học liệu Trường Đại học Cần Thơ |
|---|
| LEADER | 00550nam a2200205Ia 4500 | ||
|---|---|---|---|
| 001 | CTU_84381 | ||
| 008 | 210402s9999 xx 000 0 und d | ||
| 082 | |a 609 | ||
| 082 | |b H174 | ||
| 100 | |a Hall, A. Rupert | ||
| 245 | 0 | |a History of technology : | |
| 245 | 0 | |b First annual volume, 1976 | |
| 245 | 0 | |c A. Rupert Hall and Norman Smith | |
| 260 | |a London | ||
| 260 | |b Mansell | ||
| 260 | |c 1976 | ||
| 650 | |a Technology | ||
| 650 | |x History,Periodicals | ||
| 904 | |i Qhieu(sửa) | ||
| 980 | |a Trung tâm Học liệu Trường Đại học Cần Thơ | ||